000 00306nam a22001337a 4500
008 190205b xxu||||| |||| 00| 0 eng d
020 _a9781413319378
041 _aeng
080 _a336
100 _a56
101 _aFIN
245 _aHow to File for Chapter 7 Bankruptcy
_cElias, A.S
942 _2udc
_cBK
999 _c54079
_d54079